000 00516nam a2200181Ia 4500
008 090123s9999 xx 000 0 und d
082 _b962
100 _aतेंडुलकर विजय
245 _aसरी ग सरी
250 _a1
260 _bभागवत वा.पु.
300 _a110
600 _aतेंडुलकर विजय
630 _aसरी ग सरी
700 _aतेंडुलकर विजय
730 _aसरी ग सरी
942 _cBOOK
999 _c39048
_d39048